Cásate conmigo / (Registro nro. 2580)

Detalles MARC
000 -LEADER
fixed length control field 01458nam a2200205 a 4500
008 - CAMPO DE CONTROL (LIBRO)
fixed length control field 171114e2016 ag ||||| |||| 00| f spa d
020 ## - INTERNATIONAL STANDARD BOOK NUMBER
ISBN 9789871173327
041 ## - CODIGO DE IDIOMA
Código de idioma del texto/pista de sonido o título separado spa
092 ## - SIGNATURA TOPOGRAFICA DEWEY LOCAL
número de clasificación 808
libristica 6
sección BAL
100 1# - ENTRADA PRINCIPAL--NOMBRE PERSONAL
Nombre personal Balogh, Mary
9 (RLIN) 3378
245 ## - TITULO PROPIAMENTE DICHO
Título Cásate conmigo /
Mención de responsabilidad y remanente de la transcripción de la portada Mary Balogh
250 ## - MENCION DE EDICION
Mención de edición 1a ed.
260 ## - PIE DE IMPRENTA
Lugar de publicación, distribución, etc Buenos Aires:
Nombre de la editorial, distribuidor, etc Cisne;
Fecha de publicación 2016.
300 ## - DESCRIPCION FISICA
Extension 348 p.
500 ## - NOTA GENERAL
Nota general Balogh, M. (2016). Cásate conmigo. (1a ed.). Buenos Aires : Cisne.
505 ## - NOTA DE CONTENIDO
Nota de contenido formateada La primera novela de la serie de los Huxtable, La aldea de Throckbridge está conmocionada desde hace unos días. La llegada desde Londres de Elliot Wallace, el irresistible vizconde Lyngate, es el principal motivo. Su misión en calidad de tutor de un joven e indomable duque no le impedirá hallar otros pasatiempos, como intentar casarse con Margaret Huxtable, la hermana mayor del duque. Ella podría vigilar de cerca la presentación en sociedad de sus hermanas menores y él obtendría una esposa muy adecuada a sus necesidades... Pero Vanessa, la hermana mediana, no opina lo mismo. Porque Margaret ama en realidad a otro hombre. Así que Vanessa se propondrá -tremendo sacrificio- como esposa del apuesto Elliot. Mientras la extraña pareja se pone de acuerdo sobre cómo llegar al lecho conyugal, va a develarse un secreto del pasado: uno que relaciona a Elliott con los Hustable...
590 ## - NOTAS LOCALES (RLIN)
Nota local DONACION VERONICA ARIAS NOV/2017
655 ## - MATERIA - GENERO/FORMA
Género/Forma Literatura
-- 2917
942 ## - ADDED ENTRY ELEMENTS (KOHA)
Source of classification or shelving scheme Dewey Decimal Classification
Item type LITERATURA
Existencias
Estado de retiro Existencia Fuente de clasificación Estado general No para prestamo Ubicación permanente ubicación actual Sala de ubicación Fecha de adquisición Fuente de adquisición Total Checkouts Número de clasificación Código de barras Date last seen Date last borrowed Número de ejemplar Price effective from Koha tipo de elemento (item) Public note
    Dewey Decimal Classification     Biblioteca Medicina Biblioteca Medicina Circulación 14/11/2017 Donacion 2 808;6;BAL 4041 05/07/2019 26/06/2019 Ej. 1 14/11/2017 LITERATURA DONACION VERONICA ARIAS NOV/2017

UNIVERSIDAD NACIONAL DEL COMAHUE
Biblioteca de la Facultad de Ciencias Médicas
Sede Toschi: Los Arrayanes y Av. Toschi, Cipolletti  - Rio Negro
Sede Los Tordos:  Yrigoyen al 2211, Cipolletti - Rio Negro 

Teléfono: 0299 - 4774707 int 25
Contacto: biblioteca@facimed.uncoma.edu.ar
© 2011 - 2026